[Event "Olimpiade 2014 - Open"]
[Site "Tromsø"]
[Date "03.08.2014"]
[Round "2.32"]
[Board "1"]
[White "Stefansson, Hannes"]
[Black "Baburin, Alexander"]
[Result "1/2-1/2"]
[WhiteTitle "GM"]
[BlackTitle "GM"]
[WhiteElo "2536"]
[BlackElo "2502"]
[WhiteTeam "Iceland"]
[BlackTeam "Ireland"]
[WhiteFideId "2300087"]
[BlackFideId "2500914"]
[EventDate "2014.08.02"]

1. d4 Nf6 2. c4 g6 3. Nc3 Bg7 4. e4 d6 5. Be2 O-O 6. Bg5 Nbd7 7. Qd2 c6 8. Nf3
e5 9. O-O exd4 10. Nxd4 Nc5 11. f3 Nfxe4 12. Nxe4 Nxe4 13. fxe4 Bxd4+ 14. Qxd4
Qxg5 15. Qxd6 Qe3+ 16. Rf2 Be6 17. Qd3 Qxd3 18. Bxd3 Rfd8 19. Rf3 Rd4 20. Rc1
Rad8 21. Rc3 c5 22. Re3 a6 23. e5 b5 24. cxb5 c4 25. Bc2 axb5 26. a3 Rd2 27. Kf1
Bd5 28. Rg3 Re8 29. Ke1 Rxg2 30. Rxg2 Bxg2 31. Re3 f6 32. Kf2 Bc6 33. exf6 Kf7
34. Rh3 Rh8 35. Rh4 Kxf6 36. a4 Rd8 37. Ke3 Rd7 38. axb5 Bxb5 39. Rd4 Ke5 40.
Rxd7 Bxd7 41. b3 c3 42. Kd3 Kf4 43. Kxc3 Be8 44. b4 Kg4 45. Kc4 h5 46. b5 Bxb5+
47. Kxb5 g5 48. Bd1+ Kh3 49. Bxh5 1/2-1/2

[Event "Olimpiade 2014 - Open"]
[Site "Tromsø"]
[Date "03.08.2014"]
[Round "2.32"]
[Board "2"]
[White "Collins, Sam E."]
[Black "Kjartansson, Gudmundur"]
[Result "1/2-1/2"]
[WhiteTitle "IM"]
[BlackTitle "IM"]
[WhiteElo "2495"]
[BlackElo "2448"]
[WhiteTeam "Ireland"]
[BlackTeam "Iceland"]
[WhiteFideId "2501198"]
[BlackFideId "2301318"]
[EventDate "2014.08.02"]

1. e4 c6 2. c4 d5 3. exd5 cxd5 4. cxd5 Nf6 5. Nc3 Nxd5 6. Nf3 Nxc3 7. bxc3 g6 8.
d4 Bg7 9. Bd3 O-O 10. O-O Nc6 11. Re1 b6 12. Bg5 Re8 13. Be4 Bb7 14. Qd2 Qd7 15.
Bh6 Bf6 16. Bg5 Bg7 17. Rad1 Rac8 18. h4 Na5 19. h5 Nc4 20. Qe2 Bxe4 21. Qxe4
Nd6 22. Qd3 gxh5 23. Re3 f6 24. Bf4 Nc4 25. Re2 e5 26. Bc1 b5 27. Nh4 exd4 28.
Rxe8+ Rxe8 29. cxd4 Qg4 30. Nf5 Qe4 31. Qxe4 Rxe4 32. d5 Bf8 33. Ng3 Re7 34.
Nxh5 Kf7 35. Ng3 Rd7 36. Bf4 Bd6 37. Bxd6 Nxd6 38. Rd4 a5 39. Rh4 Kg6 40. Rg4+
Kf7 41. Rh4 Ke8 42. Kf1 b4 43. Ke2 Rb7 44. Kd3 Rb5 45. Rxh7 Rxd5+ 46. Kc2 Rc5+
47. Kd1 Rc3 48. Nh5 f5 49. Nf6+ Kf8 50. Nd7+ Ke8 51. Nf6+ Kf8 52. Nd7+ Ke8 53.
Nf6+ 1/2-1/2

[Event "Olimpiade 2014 - Open"]
[Site "Tromsø"]
[Date "03.08.2014"]
[Round "2.32"]
[Board "3"]
[White "Thorhallsson, Throstur"]
[Black "Astaneh Lopez, Alex"]
[Result "1-0"]
[WhiteTitle "GM"]
[BlackTitle "IM"]
[WhiteElo "2426"]
[BlackElo "2419"]
[WhiteTeam "Iceland"]
[BlackTeam "Ireland"]
[WhiteFideId "2300109"]
[BlackFideId "2501430"]
[EventDate "2014.08.02"]

1. e4 e5 2. Nf3 Nc6 3. Bc4 Bc5 4. c3 Nf6 5. d3 d6 6. h3 a6 7. Bb3 Ba7 8. Nbd2 h6
9. Nf1 Be6 10. Be3 Bxe3 11. Nxe3 d5 12. exd5 Nxd5 13. O-O O-O 14. Re1 Re8 15.
Nxd5 Bxd5 16. Re3 Re6 17. Qc2 Qd7 18. Rae1 Rae8 19. Qd1 Kh8 20. Nh4 Bxb3 21.
Qxb3 b5 22. Nf3 Qd6 23. a4 Qc5 24. axb5 axb5 25. Nd2 Rd8 26. Qd1 b4 27. Qh5 Rg6
28. Ne4 Qd5 29. Rf3 Kg8 30. Ree3 Re8 31. d4 Qa2 32. Kh2 Qe6 33. Rf5 Kh8 34. dxe5
Nxe5 35. Ng3 f6 36. f4 bxc3 37. bxc3 Kh7 38. fxe5 Qb6 39. Rff3 fxe5 40. Rxe5 Ra8
41. Qf5 Ra1 42. Ne2 Kg8 43. Rg3 1-0

[Event "Olimpiade 2014 - Open"]
[Site "Tromsø"]
[Date "03.08.2014"]
[Round "2.32"]
[Board "4"]
[White "Heidenfeld, Mark"]
[Black "Olafsson, Helgi"]
[Result "0-1"]
[WhiteTitle "IM"]
[BlackTitle "GM"]
[WhiteElo "2382"]
[BlackElo "2555"]
[WhiteTeam "Ireland"]
[BlackTeam "Iceland"]
[WhiteFideId "2500990"]
[BlackFideId "2300010"]
[EventDate "2014.08.02"]

1. e4 c5 2. Nf3 Nc6 3. Bb5 e6 4. O-O Nge7 5. Re1 a6 6. Bf1 d5 7. exd5 Qxd5 8.
Nc3 Qd8 9. Ne4 Nf5 10. d3 Be7 11. c3 b6 12. a3 a5 13. a4 Ba6 14. Qb3 O-O 15. Bf4
Ra7 16. Rad1 Rd7 17. Rd2 h6 18. h3 Rd5 19. Red1 e5 20. Bh2 Bc8 21. d4 exd4 22.
Bc4 Rd7 23. g4 Nh4 24. cxd4 Nxf3+ 25. Qxf3 Nxd4 26. Qe3 Bg5 27. Nxg5 hxg5 28.
Be5 Nf3+ 29. Qxf3 Rxd2 30. Rxd2 Qxd2 31. Bc3 Qd6 32. Qe3 Be6 33. Qxg5 f6 34.
Bxe6+ Qxe6 35. Qg6 Rd8 36. Kh2 Rd1 37. Kg3 Qe2 38. Kh4 Qxf2+ 39. Kh5 Rd5+ 0-1

[Event "Olimpiade 2014 - Open"]
[Site "Tromsø"]
[Date "03.08.2014"]
[Round "2.33"]
[Board "1"]
[White "Ziska, Helgi Dam"]
[Black "Winants, Luc"]
[Result "1/2-1/2"]
[WhiteTitle "IM"]
[BlackTitle "GM"]
[WhiteElo "2507"]
[BlackElo "2545"]
[WhiteTeam "Faroe Isles"]
[BlackTeam "Belgium"]
[WhiteFideId "7200595"]
[BlackFideId "200018"]
[EventDate "2014.08.02"]

1. e4 e5 2. Nf3 Nc6 3. Bc4 Bc5 4. d3 d6 5. c3 Nf6 6. Bb3 h6 7. O-O O-O 8. h3 Be6
9. Nbd2 Bxb3 10. Qxb3 Rb8 11. Nc4 Qd7 12. Be3 Bxe3 13. Nxe3 Ne7 14. Rfe1 Rfe8
15. Nh4 Qe6 16. Ng4 Nxg4 17. Qxe6 fxe6 18. hxg4 Rf8 19. g3 Rf6 20. a4 Rbf8 21.
Re2 a5 22. Rd1 Nc6 23. Ng2 Nb8 24. Ne3 Nd7 25. d4 b6 26. Kg2 R6f7 27. Nc4 exd4
28. cxd4 g6 29. Rc1 Nb8 30. Na3 Na6 1/2-1/2

[Event "Olimpiade 2014 - Open"]
[Site "Tromsø"]
[Date "03.08.2014"]
[Round "2.33"]
[Board "2"]
[White "Michiels, Bart"]
[Black "Berg, Olaf"]
[Result "1-0"]
[WhiteTitle "GM"]
[BlackTitle "FM"]
[WhiteElo "2535"]
[BlackElo "2320"]
[WhiteTeam "Belgium"]
[BlackTeam "Faroe Isles"]
[WhiteFideId "202967"]
[BlackFideId "7200420"]
[EventDate "2014.08.02"]

1. d4 d5 2. c4 e6 3. Nc3 Nf6 4. cxd5 exd5 5. Bg5 Nbd7 6. e3 c6 7. Bd3 Be7 8. h3
Ne4 9. Bxe7 Qxe7 10. Bxe4 dxe4 11. Qg4 Nf6 12. Qxg7 Rg8 13. Qh6 Rxg2 14. Nge2
Be6 15. Ng3 Bc4 16. Nf5 Qd8 17. Qf4 Bd3 18. O-O-O Nd5 19. Qe5+ Kf8 20. Rhg1 f6
21. Qe6 Nc7 22. Qb3 Rg5 23. h4 Rxf5 24. Rg8+ Ke7 25. Rg7+ Kd6 26. Rxd3 Qe8 27.
Nxe4+ Qxe4 28. Qb4+ c5 29. dxc5+ Ke5 30. Re7+ 1-0

[Event "Olimpiade 2014 - Open"]
[Site "Tromsø"]
[Date "03.08.2014"]
[Round "2.33"]
[Board "3"]
[White "Nielsen, Hogni Egilstoft"]
[Black "Ringoir, Tanguy"]
[Result "0-1"]
[BlackTitle "IM"]
[WhiteElo "2256"]
[BlackElo "2508"]
[WhiteTeam "Faroe Isles"]
[BlackTeam "Belgium"]
[WhiteFideId "7200404"]
[BlackFideId "208027"]
[EventDate "2014.08.02"]

1. e4 e5 2. Nf3 Nc6 3. Bc4 Bc5 4. c3 Nf6 5. d4 exd4 6. e5 d5 7. Bb5 Ne4 8. cxd4
Bb6 9. Nc3 O-O 10. h3 f6 11. Be3 Nxc3 12. bxc3 fxe5 13. Bxc6 bxc6 14. Nxe5 Ba6
15. Nxc6 Qe8 16. Ne5 c5 17. f4 Ba5 18. Qd2 Qh5 19. g4 Qh4+ 20. Bf2 Qe7 21. dxc5
Rab8 22. O-O-O Kh8 23. Rhe1 Qb7 24. Qc2 Bxc3 25. Qxc3 Qb1+ 26. Kd2 Rb2+ 27. Ke3
Qe4# 0-1

[Event "Olimpiade 2014 - Open"]
[Site "Tromsø"]
[Date "03.08.2014"]
[Round "2.33"]
[Board "4"]
[White "Vandenbussche, Thibaut"]
[Black "Nilssen, John Arni"]
[Result "1-0"]
[WhiteTitle "FM"]
[BlackTitle "IM"]
[WhiteElo "2411"]
[BlackElo "2322"]
[WhiteTeam "Belgium"]
[BlackTeam "Faroe Isles"]
[WhiteFideId "204412"]
[BlackFideId "7200137"]
[EventDate "2014.08.02"]

1. e4 c5 2. Nf3 Nc6 3. Bb5 g6 4. O-O Bg7 5. c3 e5 6. d3 Nge7 7. Be3 Qb6 8. Na3
O-O 9. b4 d6 10. Rb1 Nd8 11. Ba4 Qc7 12. Nb5 Qb8 13. bxc5 d5 14. Nd6 Qc7 15. Ne8
Rxe8 16. Bxe8 dxe4 17. dxe4 Ndc6 18. Ng5 1-0

[Event "Olimpiade 2014 - Open"]
[Site "Tromsø"]
[Date "03.08.2014"]
[Round "2.34"]
[Board "1"]
[White "Bologan, Viktor"]
[Black "Ladva, Ottomar"]
[Result "1-0"]
[WhiteTitle "GM"]
[BlackTitle "FM"]
[WhiteElo "2654"]
[BlackElo "2387"]
[WhiteTeam "Moldova"]
[BlackTeam "Estonia"]
[WhiteFideId "13900048"]
[BlackFideId "4500024"]
[EventDate "2014.08.02"]

1. e4 c5 2. Nf3 Nc6 3. Bb5 g6 4. Bxc6 bxc6 5. O-O Bg7 6. Re1 Nh6 7. c3 O-O 8. d4
cxd4 9. cxd4 d5 10. e5 f6 11. h3 Nf7 12. e6 Nd6 13. Qc2 Qb6 14. Nc3 Nb5 15. b3
Nxd4 16. Nxd4 Qxd4 17. Ba3 Qb6 18. Na4 Qc7 19. Rac1 Bb7 20. Qc5 Rfc8 21. Qxe7
Qxe7 22. Bxe7 Re8 23. Bd6 Rad8 24. Bc5 d4 25. Bxa7 d3 26. Rcd1 Bf8 27. Bb6 Rd5
28. Nc3 d2 29. Re3 Re5 30. Rxe5 fxe5 31. Ne4 Rxe6 32. Bc5 Bh6 33. Be3 Bxe3 34.
fxe3 c5 35. Nxc5 Rc6 36. b4 1-0

[Event "Olimpiade 2014 - Open"]
[Site "Tromsø"]
[Date "03.08.2014"]
[Round "2.34"]
[Board "2"]
[White "Seeman, Tarvo"]
[Black "Hamitevici, Vladimir"]
[Result "1-0"]
[WhiteTitle "IM"]
[BlackTitle "IM"]
[WhiteElo "2392"]
[BlackElo "2467"]
[WhiteTeam "Estonia"]
[BlackTeam "Moldova"]
[WhiteFideId "4500547"]
[BlackFideId "13902393"]
[EventDate "2014.08.02"]

1. Nf3 d6 2. d4 Nf6 3. g3 g6 4. Bg2 Bg7 5. O-O O-O 6. a4 a5 7. b3 Bf5 8. Nc3 Qc8
9. Ba3 Na6 10. Re1 c5 11. e4 Bh3 12. e5 dxe5 13. dxe5 Bxg2 14. Kxg2 Rd8 15. Qe2
Ne8 16. Rad1 Qc6 17. Qe4 Qxe4 18. Nxe4 Nb4 19. Rxd8 Rxd8 20. Re2 b6 21. Bxb4
axb4 22. Ned2 Nc7 23. Nc4 b5 24. Rd2 Rxd2 25. Ncxd2 Kf8 26. axb5 Nxb5 27. Ne4 c4
28. bxc4 Na3 29. c5 Nxc2 30. c6 Ke8 31. e6 Kd8 32. exf7 Kc7 33. Nc5 Kxc6 34. Ne6
Bh6 35. Ne5+ Kd6 36. Ng4 b3 37. Nxh6 b2 38. f8=Q b1=Q 39. Ng5 Qb7+ 40. Kh3 Qd7+
41. g4 Nd4 42. Qf4+ Kc5 43. Nf3 1-0

[Event "Olimpiade 2014 - Open"]
[Site "Tromsø"]
[Date "03.08.2014"]
[Round "2.34"]
[Board "3"]
[White "Cerbulenco, Liviu"]
[Black "Krupenski, Juri"]
[Result "1/2-1/2"]
[BlackTitle "FM"]
[WhiteElo "2203"]
[BlackElo "2277"]
[WhiteTeam "Moldova"]
[BlackTeam "Estonia"]
[WhiteFideId "13904906"]
[BlackFideId "4501101"]
[EventDate "2014.08.02"]

1. e4 c5 2. Nf3 d6 3. d4 cxd4 4. Nxd4 Nf6 5. Nc3 a6 6. Be3 e5 7. Nb3 Be6 8. f3
Be7 9. Qd2 O-O 10. O-O-O Qc7 11. g4 Rc8 12. Kb1 d5 13. exd5 Nxd5 14. Nxd5 Bxd5
15. Qf2 Be6 16. Bd3 Nd7 17. g5 a5 18. a4 Nc5 19. Nxc5 Bxc5 20. Bxc5 Qxc5 21.
Qxc5 Rxc5 22. Be4 Rb8 23. Bxb7 h6 24. g6 fxg6 25. Be4 Bf5 26. Rd5 Rxd5 27. Bxd5+
Kf8 28. Re1 Ke7 29. Be4 Kf6 30. Kc1 Rb4 31. b3 g5 32. Kd2 h5 33. Ke3 g4 34. Rb1
gxf3 35. Bxf5 Kxf5 36. Kxf3 g5 37. c3 g4+ 38. Ke3 Rf4 39. b4 Rf3+ 40. Kd2 Ke4
41. Re1+ Kd5 42. bxa5 e4 43. a6 Rf2+ 44. Re2 Rf6 45. Ke3 Rf3+ 46. Kd2 Rf6 47.
Ke3 Rf3+ 1/2-1/2

[Event "Olimpiade 2014 - Open"]
[Site "Tromsø"]
[Date "03.08.2014"]
[Round "2.34"]
[Board "4"]
[White "Jezov, Roman"]
[Black "Sanduleac, Vasile"]
[Result "1/2-1/2"]
[BlackTitle "GM"]
[WhiteElo "2239"]
[BlackElo "2396"]
[WhiteTeam "Estonia"]
[BlackTeam "Moldova"]
[WhiteFideId "4502078"]
[BlackFideId "13900161"]
[EventDate "2014.08.02"]

1. e4 g6 2. d4 Bg7 3. Nc3 c6 4. h3 d6 5. Be3 b5 6. Bd3 a6 7. Nf3 Nd7 8. a4 b4 9.
Nb1 a5 10. O-O Ngf6 11. c3 bxc3 12. bxc3 O-O 13. Qc2 Qc7 14. Na3 Ba6 15. Nd2
Bxd3 16. Qxd3 e5 17. Nac4 d5 18. Nxe5 Nxe5 19. dxe5 Nxe4 20. Nxe4 dxe4 21. Qxe4
Qxe5 22. Qxc6 Rfc8 23. Qb5 Rxc3 24. Rab1 Rcc8 25. Rfd1 Rab8 26. Qd7 Qe8 27. Rxb8
Qxd7 28. Rxd7 Rxb8 29. Rd5 Bc3 30. Rb5 Rc8 31. Bb6 Ra8 32. Kf1 Re8 33. g3 Re1+
34. Kg2 Re2 35. Kf3 Ra2 36. Bxa5 Bd4 37. Be1 Rxa4 38. Rb4 Rxb4 39. Bxb4 f5 40.
Bd2 Kf7 41. g4 fxg4+ 42. hxg4 h5 43. gxh5 gxh5 44. Be3 Be5 45. Kg2 Kg6 46. Kh3
Bf6 47. f3 Kf5 48. Kg2 Bg5 49. Bxg5 Kxg5 50. Kh3 Kf4 51. Kh4 Kxf3 52. Kxh5 1/2-1/2

[Event "Olimpiade 2014 - Open"]
[Site "Tromsø"]
[Date "03.08.2014"]
[Round "2.35"]
[Board "1"]
[White "Gonzalez Zamora, Juan Carlos"]
[Black "Granda Zuniga, Julio E"]
[Result "0-1"]
[WhiteTitle "GM"]
[BlackTitle "GM"]
[WhiteElo "2544"]
[BlackElo "2663"]
[WhiteTeam "Mexico"]
[BlackTeam "Peru"]
[WhiteFideId "3507548"]
[BlackFideId "3800024"]
[EventDate "2014.08.02"]

1. Nf3 c5 2. c4 g6 3. Nc3 Bg7 4. d4 cxd4 5. Nxd4 Nc6 6. e3 Nh6 7. Nc2 Bxc3+ 8.
bxc3 Qa5 9. Bd2 Nf5 10. h4 h5 11. Nd4 Nd6 12. f3 Qe5 13. Kf2 b6 14. Nb5 O-O 15.
Nxd6 Qxd6 16. e4 Ba6 17. Bg5 Qxd1 18. Rxd1 d6 19. Be2 f6 20. Bh6 Rfc8 21. g4
hxg4 22. fxg4 Ne5 23. g5 f5 24. exf5 gxf5 25. g6 Bxc4 26. h5 Bxe2 27. Kxe2 Rxc3
28. Rhf1 Ng4 29. Bd2 Rc5 30. h6 Rac8 31. Rc1 Ne5 32. Rxc5 Rxc5 33. Rg1 Rc2 34.
Rg2 Nc4 35. h7+ Kg7 36. Ke1 Rxd2 37. Rg5 Rh2 0-1

[Event "Olimpiade 2014 - Open"]
[Site "Tromsø"]
[Date "03.08.2014"]
[Round "2.35"]
[Board "2"]
[White "Cori, Jorge"]
[Black "Leon Hoyos, Manuel"]
[Result "1/2-1/2"]
[WhiteTitle "GM"]
[BlackTitle "GM"]
[WhiteElo "2630"]
[BlackElo "2517"]
[WhiteTeam "Peru"]
[BlackTeam "Mexico"]
[WhiteFideId "3802272"]
[BlackFideId "5105269"]
[EventDate "2014.08.02"]

1. d4 Nf6 2. Nf3 g6 3. Bf4 Bg7 4. e3 d6 5. h3 O-O 6. Be2 c5 7. c3 Qb6 8. Qb3 Qc7
9. O-O Be6 10. Qd1 Qb6 11. Qc1 Nc6 12. Nbd2 Rac8 13. Bg5 cxd4 14. exd4 h6 15.
Bxf6 Bxf6 16. Ne4 Bg7 17. Qd2 Bd5 18. Ng3 Rfd8 19. h4 e5 20. h5 exd4 21. Nxd4
Nxd4 22. cxd4 Re8 23. Rfd1 Qd8 24. Bd3 Qf6 25. Qa5 Bc6 26. d5 Re5 27. Rac1 Rf8
28. Be2 b6 29. Qxa7 Bxd5 30. Rc3 Rfe8 31. Bf3 Re1+ 32. Rxe1 Rxe1+ 33. Nf1 Qe6
34. Qb8+ Kh7 35. hxg6+ fxg6 36. Re3 Rxe3 37. Bxd5 Qxd5 38. Nxe3 Qxa2 39. Qxb6
Qb1+ 40. Nf1 d5 41. b4 d4 42. g3 h5 43. b5 d3 44. Kg2 Qb4 45. Qc6 d2 46. Qd7
Qxb5 1/2-1/2

[Event "Olimpiade 2014 - Open"]
[Site "Tromsø"]
[Date "03.08.2014"]
[Round "2.35"]
[Board "3"]
[White "Hernandez Guerrero, Gilberto"]
[Black "Cruz, Cristhian"]
[Result "1/2-1/2"]
[WhiteTitle "GM"]
[BlackTitle "GM"]
[WhiteElo "2519"]
[BlackElo "2553"]
[WhiteTeam "Mexico"]
[BlackTeam "Peru"]
[WhiteFideId "5100011"]
[BlackFideId "3801969"]
[EventDate "2014.08.02"]

1. e4 c5 2. Nf3 e6 3. d3 Nc6 4. g3 g6 5. Bg2 Bg7 6. O-O Nge7 7. c3 e5 8. a3 O-O
9. b4 d6 10. b5 Nb8 11. a4 h6 12. Nbd2 Be6 13. Bb2 Nd7 14. d4 exd4 15. cxd4 d5
16. Rc1 Rc8 17. Ba3 b6 18. Re1 Re8 19. exd5 Bxd5 20. dxc5 Nxc5 21. Bxc5 bxc5 22.
Nc4 Bxc4 23. Qxd8 Rexd8 24. Rxc4 Nd5 25. Bh3 Rc7 26. Rd1 Rd6 27. Bf1 Bf8 28. a5
Nb4 29. Rxd6 Bxd6 30. Nd2 Rb7 31. Rc1 Bf8 32. Ne4 Rb8 33. Nf6+ Kg7 34. Nd7 Rc8
35. b6 axb6 36. axb6 Bd6 37. b7 Re8 38. Bb5 Re7 39. Rd1 Bc7 40. Rd2 Re6 41. Kg2
Re7 42. f4 c4 43. Bxc4 Nc6 44. Ba6 Re6 45. Bb5 Nb8 46. Rc2 Bd6 47. Kf3 Re7 48.
Rd2 Bc7 49. Rd3 g5 50. Nxb8 Bxb8 51. Bc6 Re6 52. Be4 g4+ 53. Kxg4 Rxe4 54. Rd8
Bc7 55. b8=Q Bxb8 56. Rxb8 1/2-1/2

[Event "Olimpiade 2014 - Open"]
[Site "Tromsø"]
[Date "03.08.2014"]
[Round "2.35"]
[Board "4"]
[White "Cutipa, Elfer"]
[Black "Ibarra Chami, Luis Fernando"]
[Result "0-1"]
[BlackTitle "IM"]
[WhiteElo "2117"]
[BlackElo "2467"]
[WhiteTeam "Peru"]
[BlackTeam "Mexico"]
[WhiteFideId "3804208"]
[BlackFideId "5105048"]
[EventDate "2014.08.02"]

1. e4 c5 2. Nc3 Nc6 3. f4 g6 4. Nf3 Bg7 5. Bb5 Nd4 6. O-O Nxb5 7. Nxb5 d6 8. Qe1
Bg4 9. d3 Qd7 10. a4 a6 11. Nc3 Bxf3 12. Rxf3 e6 13. f5 O-O-O 14. fxe6 fxe6 15.
Bg5 Re8 16. Qh4 Bd4+ 17. Be3 Qg7 18. Bxd4 Qxd4+ 19. Kh1 Ne7 20. Rf7 Nc6 21. Raf1
Qb4 22. h3 Nd8 23. Rxh7 Rxh7 24. Qxh7 Qxb2 25. Qxg6 Re7 26. Qf6 Rf7 0-1

[Event "Olimpiade 2014 - Open"]
[Site "Tromsø"]
[Date "03.08.2014"]
[Round "2.36"]
[Board "1"]
[White "Shirov, Alexei"]
[Black "Sulskis, Sarunas"]
[Result "1-0"]
[WhiteTitle "GM"]
[BlackTitle "GM"]
[WhiteElo "2709"]
[BlackElo "2544"]
[WhiteTeam "Latvia"]
[BlackTeam "Lithuania"]
[WhiteFideId "2209390"]
[BlackFideId "12800112"]
[EventDate "2014.08.02"]

1. e4 e5 2. Nf3 Nc6 3. Bc4 Nf6 4. Ng5 d5 5. exd5 Nxd5 6. Nxf7 Kxf7 7. Qf3+ Ke6
8. Nc3 Nb4 9. a3 Nxc2+ 10. Kd1 Nxa1 11. Nxd5 Kd6 12. d4 Be6 13. Re1 b5 14. Nb4
bxc4 15. Qc6+ Ke7 16. Bg5+ Kf7 17. Bxd8 Rxd8 18. Qxc7+ Rd7 19. Qxe5 Rd6 20. d5
Bd7 21. Qf4+ Kg8 22. Qxc4 a5 23. Nd3 a4 24. Nc5 h5 25. Nxd7 Rxd7 26. d6+ Kh7 27.
Re6 g6 28. Rxg6 1-0

[Event "Olimpiade 2014 - Open"]
[Site "Tromsø"]
[Date "03.08.2014"]
[Round "2.36"]
[Board "2"]
[White "Rozentalis, Eduardas"]
[Black "Kovalenko, Igor"]
[Result "1-0"]
[WhiteTitle "GM"]
[BlackTitle "GM"]
[WhiteElo "2606"]
[BlackElo "2650"]
[WhiteTeam "Lithuania"]
[BlackTeam "Latvia"]
[WhiteFideId "12800023"]
[BlackFideId "14117908"]
[EventDate "2014.08.02"]

1. e4 c6 2. d4 d5 3. Nc3 dxe4 4. Nxe4 Nf6 5. Nxf6+ gxf6 6. g3 Qd5 7. Nf3 Bf5 8.
c3 Nd7 9. Bg2 Qc4 10. Qb3 Qa6 11. Bf1 Bd3 12. Bxd3 Qxd3 13. c4 Qe4+ 14. Qe3 f5
15. O-O Bg7 16. Qb3 O-O-O 17. Bf4 c5 18. Rae1 Qc6 19. d5 Qf6 20. Qa3 Bh6 21.
Bxh6 Qxh6 22. Rxe7 Rhe8 23. Rfe1 Rxe7 24. Rxe7 Qf6 25. Qe3 f4 26. Qe2 Kc7 27.
Qe5+ Qd6 28. Rxf7 fxg3 29. hxg3 Rf8 30. Qxd6+ Kxd6 31. Rxf8 Nxf8 32. Kf1 b5 33.
b3 Nd7 34. Ke2 Nf6 35. Ng5 bxc4 36. bxc4 Ke5 37. Kd3 Kf5 38. Ne6 Nd7 39. Ke3 a5
40. f3 h5 41. a4 Kf6 42. f4 Kf5 43. Kf3 Nb6 44. Nxc5 Nxc4 45. Nb3 Nb6 46. Nxa5
Nxa4 47. Nc4 Nc5 48. Nd6+ Kg6 49. f5+ Kh6 50. Kf4 Nd3+ 51. Ke4 Nc5+ 52. Ke5 Kg7
53. Ne4 Nb7 54. d6 Kf7 55. Ng5+ Ke8 56. f6 Nc5 57. f7+ 1-0

[Event "Olimpiade 2014 - Open"]
[Site "Tromsø"]
[Date "03.08.2014"]
[Round "2.36"]
[Board "3"]
[White "Neiksans, Arturs"]
[Black "Laurusas, Tomas"]
[Result "1/2-1/2"]
[WhiteTitle "GM"]
[BlackTitle "IM"]
[WhiteElo "2572"]
[BlackElo "2435"]
[WhiteTeam "Latvia"]
[BlackTeam "Lithuania"]
[WhiteFideId "11601388"]
[BlackFideId "12803731"]
[EventDate "2014.08.02"]

1. c4 c6 2. Nf3 d5 3. e3 Nf6 4. d4 Bf5 5. Nc3 e6 6. Nh4 Be4 7. f3 Bg6 8. Qb3 Qc7
9. Bd2 Nbd7 10. Rc1 Be7 11. g3 Nb6 12. cxd5 exd5 13. Be2 Nh5 14. Ng2 f5 15. O-O
Bf7 16. Qc2 Qd7 17. e4 g6 18. exf5 Qxf5 19. Qxf5 gxf5 20. Rce1 O-O 21. Ba6 Bf6
22. Bxb7 Bxd4+ 23. Kh1 Rab8 24. Bxc6 Rfc8 25. Bb5 Bg7 26. Nf4 d4 27. Nce2 Rc2
28. Nxh5 Bxh5 29. Bf4 Rd8 30. Bg5 Rdc8 31. Nf4 Bf7 32. Bd3 Rxb2 33. Bxf5 Rc5 34.
g4 Rxa2 35. Ne6 Rb5 36. Nxg7 Kxg7 37. Bf4 Nc4 38. Bb1 Ra1 39. Bd3 Rxe1 40. Rxe1
Rb3 41. Bxc4 Bxc4 42. Be5+ Kf7 43. Bxd4 Rxf3 44. Bxa7 Rf1+ 45. Rxf1+ Bxf1 1/2-1/2

[Event "Olimpiade 2014 - Open"]
[Site "Tromsø"]
[Date "03.08.2014"]
[Round "2.36"]
[Board "4"]
[White "Pileckis, Emilis"]
[Black "Kantans, Toms"]
[Result "0-1"]
[WhiteTitle "IM"]
[BlackTitle "IM"]
[WhiteElo "2447"]
[BlackElo "2496"]
[WhiteTeam "Lithuania"]
[BlackTeam "Latvia"]
[WhiteFideId "12802476"]
[BlackFideId "11602945"]
[EventDate "2014.08.02"]

1. Nf3 Nf6 2. c4 g6 3. Nc3 d5 4. Qa4+ Bd7 5. Qb3 dxc4 6. Qxc4 a6 7. d4 b5 8. Qb3
Nc6 9. Bg5 h6 10. Bxf6 exf6 11. e3 Bd6 12. Be2 O-O 13. O-O f5 14. Rfd1 Rb8 15.
Qc2 Re8 16. a4 Nb4 17. Qd2 c6 18. Ne5 Be6 19. axb5 cxb5 20. Nd3 Nxd3 21. Bxd3
Bb3 22. Rdc1 Qb6 23. Bc2 Bc4 24. Bd3 Be6 25. Ne2 Qb7 26. Nc3 Red8 27. Be2 Bf8
28. Bf3 Qb6 29. Ne2 Rbc8 30. Nf4 Bc4 31. g3 b4 32. Nd3 Bd6 33. Rc2 Bb3 34. Rcc1
a5 35. Bd1 Bd5 36. b3 h5 37. Nb2 Rxc1 38. Rxc1 Qb7 39. Nc4 Bc7 40. Qe2 Re8 41.
Qf1 Kg7 42. h4 Qb8 43. Kh2 f4 44. exf4 Bxf4 45. Rc2 Qd8 46. Kg1 a4 47. bxa4 b3
48. Re2 Bxg3 49. fxg3 Bxc4 50. Rxe8 Qxe8 51. Qxc4 Qe1+ 52. Qf1 Qxg3+ 53. Qg2
Qe1+ 54. Qf1 Qc3 55. Be2 Qxd4+ 56. Kg2 Qxa4 57. Kg3 b2 58. Qb1 Qd4 59. Kg2 f5
60. Bd3 0-1

[Event "Olimpiade 2014 - Open"]
[Site "Tromsø"]
[Date "03.08.2014"]
[Round "2.37"]
[Board "1"]
[White "Banikas, Hristos"]
[Black "Bachmann, Axel"]
[Result "1/2-1/2"]
[WhiteTitle "GM"]
[BlackTitle "GM"]
[WhiteElo "2644"]
[BlackElo "2644"]
[WhiteTeam "Greece"]
[BlackTeam "Paraguay"]
[WhiteFideId "4202031"]
[BlackFideId "3700488"]
[EventDate "2014.08.02"]

1. d4 d5 2. c4 c6 3. Nf3 e6 4. e3 Bd6 5. Bd3 f5 6. O-O Nf6 7. b3 Qe7 8. Bb2 O-O
9. Nbd2 b6 10. Qe2 Bb7 11. Rfc1 Ne4 12. Ne5 Nd7 13. cxd5 cxd5 14. Ndf3 Rfc8 15.
Nxd7 Qxd7 16. Ne5 Bxe5 17. dxe5 Nc5 18. Bc2 Ba6 19. Qd1 Ne4 20. Qe1 Rc7 21. Bd1
Rxc1 22. Rxc1 Rc8 23. Rxc8+ Qxc8 24. f3 Nc5 25. Qc3 Nd3 26. Qxc8+ Bxc8 27. Bd4
Nb4 28. a3 Nc6 29. Bc3 Ba6 30. Kf2 Bd3 31. Ke1 a5 32. a4 Kf7 33. Kd2 Bf1 34. g3
g6 35. Bc2 Ba6 36. Bd4 Nxd4 37. exd4 h6 38. f4 h5 39. Ke3 Kg7 40. Bd1 1/2-1/2